| 000 | 00559nam a2200169 a 4500 | ||
|---|---|---|---|
| 001 | 2913 | ||
| 003 | CDMR | ||
| 005 | 20131128112058.0 | ||
| 008 | 130130s1990||||||||||||||||||||||||||||d | ||
| 020 | _a8439313098 | ||
| 040 |
_aCDMR _bcat _cCDMR |
||
| 100 | 1 |
_aCorominas, Maria _92139 |
|
| 245 | 1 | 0 |
_aModels de ràdio als països occidentals _b: evolució i perspectives _cMaria Corominas |
| 260 |
_aBarcelona _c1990 _bGeneralitat de Catalunya _bCentre d'Investigació de la Comunicació |
||
| 710 | 1 |
_9304 _aCentre d'Investigació de la Comunicació |
|
| 942 |
_cMON _2udc |
||
| 999 |
_c2913 _d2913 |
||